000 00600nam a2200229Ia 4500
003 OSt
005 20220918230612.0
006 a|||||r|||| 00| 0
007 ta
008 220917b |||||||| |||| 00| 0 eng d
024 _a256,592
037 _cTextual
040 _aARTS
_cARTS
_beng
041 _2eng
_aeng
082 _aT.6.N5a, K2
100 _aCough Margaret Co.
_9152930
245 0 _aEducation in Africa
_b Select bibliography
260 _aNa
_bNa
_c1962
650 _aEDUCATION
942 _hT.6.N5a, K2
_cTEXL
_2CC
999 _c288506
_d288506